Представление документа в формате RUSMARC

ПолеНазваниеЗначение
  Тип записи a
  Библиографический уровень m
001 Контрольный номер RU/IS/BASE/457103826
005 Дата корректировки 20240209174523.7
010 Индекс ISBN __
a ISBN
b Уточнения в пер.
d Цена 10 р. 00 к.
9 Тираж 100 000 экз.
100 Данные общей обработки __
a Данные общей обработки 20130116d2002 ||||0rusy0189||||ca
101 Язык документа 0_
a Язык текста rus
102 Страна публикации __
a Страна публикации RU
105 Кодированные данные (монография) __
a Кодированные данные (монография) y###||||000|y
200 Заглавие и сведения об ответственности 1_
a Заглавие Золотое кольцо
b Общее обозначение материала Текст
f Первые сведения об ответственности М. В. Егорова
g Последующие сведения об ответственности [худож. В. И. Чистяков]
210 Выходные данные 1_
a Место издания Москва
c Издательство Советская Россия
d Дата издания 1978
215 Физическое описание __
a Объем 366, [1] с.
c Иллюстрации/тип воспроизводства ил., фото
d Формат 18,5 см.
300 Общие примечания __
a Общие примечания Ограничения по возрасту - 12+
300 Общие примечания __
a Общие примечания На обл. и тит. л. авт. не указан
606 Тематические рубрики 0_
a Основная рубрика История городов России
y Географическая подрубрика Энгельс, город (Саратовская область)
y Географическая подрубрика Ростов, город (Ярославская область)
y Географическая подрубрика Ярославль, город
y Географическая подрубрика Кострома, город
y Географическая подрубрика Владимир, город
y Географическая подрубрика Суздаль, город (Владимирская область)
610 Ключевые слова 0_
a Ключевые слова история
a Ключевые слова города России
a Ключевые слова архитектура
a Ключевые слова росписи церковные
a Ключевые слова города старинные
a Ключевые слова памятники
a Ключевые слова соборы
a Ключевые слова церкви
a Ключевые слова Золотое кольцо
686 Индексы других классификаций __
a Классификационный индекс 63.3(2Рос-2)
2 Код системы ББК
700 Автор _0
a Фамилия Егорова
b Имя (инициалы) Марина Викторовна
g Полное личное имя М. В.
801 Источник записи _0
a Страна RU
b Организация МБУК ЦБС г. Ульяновска
c Дата составления 20130116
g Правила каталогизации RCR
801 Источник записи _1
a Страна RU
b Организация МБУК ЦБС г. Ульяновска
c Дата составления 20130116
g Правила каталогизации RCR
899 Данные о местонахождении __
i Авторский знак Е 30
j Расстановочный фильтр 63.3(2Рос...)
901 Тип документа __
t Тип документа m
910 Корректоры записи __
a Корректор записи Плотникова